Statistics for Countries with the Highest Buildings

Click here to take the quiz!

General Stats

  • This quiz has been taken 60 times
  • The average score is 7 of 10

Answer Stats

HeightCountryBuilding% Correct
541.3 mUnited StatesOne World Trade Center
100%
632 mChinaShanghai Tower
96%
828 mUnited Arab EmiratesBurj Khalifa
95%
601 mSaudi ArabiaAbraj Al-Bait Clock Tower
78%
462 mRussiaLakhta Center
75%
554.5 mSouth KoreaLotte World Tower
65%
451.9 mMalaysiaPetronas Towers
64%
508 mTaiwanTaipei 101
60%
413 mKuwaitAl Hamra Tower
45%
461.2 mVietnamLandmark 81
38%

Score Distribution

Percentile by Number Answered

Percent of People with Each Score

Your Score History

You have not taken this quiz